Angel in the devil's suit (Record no. 118346)

MARC details
000 -LEADER
fixed length control field 00665nam a2200241 i 4500
001 - CONTROL NUMBER
control field C2-0317266
003 - CONTROL NUMBER IDENTIFIER
control field PPAK
005 - DATE AND TIME OF LATEST TRANSACTION
control field 20180728113455.0
008 - FIXED-LENGTH DATA ELEMENTS--GENERAL INFORMATION
fixed length control field 120905s2011 my |||| ||||| | may d
020 ## - INTERNATIONAL STANDARD BOOK NUMBER
International Standard Book Number 9789675067877
040 ## - CATALOGING SOURCE
Original cataloging agency PPAK
Language of cataloging eng
Transcribing agency PPAK
Description conventions rda
082 04 - DEWEY DECIMAL CLASSIFICATION NUMBER
Classification number 899.233
Edition number 23
090 00 - LOCALLY ASSIGNED LC-TYPE CALL NUMBER (OCLC); LOCAL CALL NUMBER (RLIN)
Classification number (OCLC) (R) ; Classification number, CALL (RLIN) (NR) 899.233
Feature heading KAS
Feature heading G
100 0# - MAIN ENTRY--PERSONAL NAME
Personal name Kaseh Esmiralda,
Relator term author
245 10 - TITLE STATEMENT
Title Angel in the devil's suit
264 #1 - PRODUCTION, PUBLICATION, DISTRIBUTION, MANUFACTURE, AND COPYRIGHT NOTICE
Place of production, publication, distribution, manufacture Kuala Lumpur :
Name of producer, publisher, distributor, manufacturer Kaki Novel Enterprise ,
Date of production, publication, distribution, manufacture, or copyright notice 2011
300 ## - PHYSICAL DESCRIPTION
Extent iii, 640 pages ; 254 pages ;
Dimensions 18 cm
336 ## - CONTENT TYPE
Source rdacontent
Content type term text
337 ## - MEDIA TYPE
Source rdamedia
Media type term unmediated
338 ## - CARRIER TYPE
Source rdacarrier
Carrier type term volume
650 10 - SUBJECT ADDED ENTRY--TOPICAL TERM
Topical term or geographic name entry element Malay fiction.
942 ## - ADDED ENTRY ELEMENTS (KOHA)
-- dc
Koha item type Book
Holdings
Withdrawn Not for loan Current library Shelving location Date acquired Full call number Barcode Date last seen Koha item type Total Checkouts Date last checked out Total Renewals
    Perpustakaan Awam Sungai Petani Pinjaman Dewasa 20/09/2012 899.233 KAS A01383212 07/04/2024 Book 8 31/03/2024 1
    Perpustakaan Bandar Baharu Pinjaman Dewasa 20/09/2012 899.233 KAS A01383219 09/05/2018 Book      
    Perpustakaan Pendang Pinjaman Dewasa 20/09/2012 899.233 KAS A01383223 09/05/2018 Book      
    Perpustakaan Yan Pinjaman Dewasa 20/09/2012 899.233 KAS A01383216 21/11/2022 Book 1 13/11/2022  
    Bergerak 1, Alor Setar Pinjaman Dewasa 12/12/2012 899.233 KAS A01409343 09/05/2018 Book      
    Bergerak 1, Alor Setar Pinjaman Dewasa 12/12/2012 899.233 KAS A01409342 09/05/2018 Book      
    Bergerak 5, Kulim Pinjaman Dewasa 12/12/2012 899.233 KAS A01409346 09/05/2018 Book      
    PD01, Kg. Bendang Raja, Kuala Nerang Pinjaman Dewasa 12/12/2012 899.233 KAS A01409347 09/05/2018 Book      
    PD02, Kg. Banggol Besi, Pendang Pinjaman Dewasa 12/12/2012 899.233 KAS A01409348 09/05/2018 Book      
    PD03, Kg. Pulau Pisang, Jitra Pinjaman Dewasa 12/12/2012 899.233 KAS A01409349 09/05/2018 Book      
    PD21, Kg. Tengah, Jerlun Pinjaman Dewasa 20/09/2012 899.233 KAS A01383221 09/05/2018 Book      
    PD35, Kg. Sungai Daun, Yan Pinjaman Dewasa 12/12/2012 899.233 KAS A01409336 09/05/2018 Book      
    PD36, Kg. Kuala Lanjut, Kota Star Pinjaman Dewasa 12/12/2012 899.233 KAS A01409337 09/05/2018 Book      
    PD38, KEDA Tanjung Setol, Pendang Pinjaman Dewasa 12/12/2012 899.233 KAS A01409339 09/05/2018 Book      
    PD39, Felda Bukit Tembaga, Kuala Nerang Pinjaman Dewasa 12/12/2012 899.233 KAS A01409341 09/05/2018 Book